000 01205cab a22002175a 4500
001 L145349
008 080916e20080912xxkaeo f 000 0 eng d
035 _a(Sirsi) u145349
041 0 _aeng
100 1 _aKennett, Stephen
245 0 0 _aWhat we wanted was something that could almost land here from outer space and be ready to use
260 _c2008
490 _aBuilding
_v273(8546) 12 September 2008, 62-65(4)
520 _aThe fourth in a series of six articles on school developments (see other articles under references L145210, L145344, L145345, L145354, L145360). Presents the use of timber panel as a way to increase the speed of school development and sustainability under the Building Schools for the Future governemental programme. Provides evidence by developing the example of St Agnes Primary School, near Manchester. Details costs of development and a four image sequence to explain how to build this type of schools.
590 _aKA
650 2 4 _aBUILDING SCHOOLS FOR THE FUTURE
651 4 _aEngland
_y886-
690 _aBUILT ENVIRONMENT-BUILDING TYPES-EDUCATIONAL, INFORMATION AND SCIENTIFIC FACILITIES
690 _aBUILT ENVIRONMENT-SUSTAINABLE CONSTRUCTION
942 _n0
999 _c80789
_d80789